| 000 | 00631nam a2200229Ia 4500 | ||
|---|---|---|---|
| 003 | OSt | ||
| 005 | 20250730180030.0 | ||
| 008 | 210423s2015 xx 000 0 und d | ||
| 020 | _a9788183423656 | ||
| 040 | _cAL | ||
| 041 | _aEnglish | ||
| 082 |
_a307.772 _bMANN |
||
| 100 |
_aSuresh Manjhi _9118886 |
||
| 245 | _aNational policy on tribals and tribal rights | ||
| 260 |
_aNew Delhi _bCrescent Publishing Co _c2015 |
||
| 300 |
_avii,255p. _bHB |
||
| 365 |
_b995 _cINR |
||
| 650 |
_aCommunities _9118887 |
||
| 650 |
_aSocial Sciences _9118888 |
||
| 906 | _aNational ; policy ; rights ; tribal ; tribals | ||
| 942 |
_2ddc _cBK |
||
| 999 |
_c176509 _d176509 |
||